000 00317nam a2200157Ia 4500
100 _aSchroder/Carla
650 _aLinux
942 _cBK
366 _f20
245 _aLinux networking Cookbook
260 _bSPD
_c2008
082 _a5.133
_bSCH
300 _a612
546 _aENGLISH
_celectronics
999 _c26300
_d26300